00434cam a22001457a 4500008004000000082001600040100002300056245005400079260002400133300001000157650003300167650002800200650003300228650002700261180718b1996 xxu||||| |||| 00| 0 eng d aT478x54 R14 aRamachandran, K.S. aReform: the unfolding storycby K.S. Ramachandran aDelhibKonarkc1996 a105p. aPolitical corruption - India aIndia - Economic policy aInvestments, Foreign - India aLiberalization - India